[Event "SLO-chT2 West"]
[Site "Kranj"]
[Date "2008.10.17"]
[Round "5.4"]
[White "Jan, Domen"]
[Black "Djuric, Petar2222"]
[Result "0-1"]
[WhiteElo "1500"]
[BlackElo "1972"]
[PlyCount "62"]
[EventDate "2008.10.11"]
[EventType "team-swiss"]
[EventRounds "9"]
[EventCountry "SLO"]
[SourceTitle "EXT 2010"]
[Source "ChessBase"]
[SourceDate "2010.11.25"]
[SourceVersion "1"]
[SourceVersionDate "2010.11.25"]
[SourceQuality "1"]
[WhiteTeam "Gorenjka Lesce"]
[BlackTeam "Stari Mayr Sencur"]
[WhiteTeamCountry "SLO"]
[BlackTeamCountry "SLO"]

1. e4 c5 2. Bc4 Nc6 3. d3 g6 4. a3 Bg7 5. Nc3 d6 6. Nf3 Bg4 7. Bxf7+ Kf8 8. Bxg8 Kxg8 9. h3 Bxf3 10. Qxf3 Nd4 11. Qd1 Qd7 12. 0-0 Rf8 13. Be3 h6 14. Bxd4 Bxd4 15. Rb1 Kh7 16. Ne2 Bg7 17. Qd2 Rf7 18. c3 d5 19. exd5 Qxd5 20. Qe3 Rhf8 21. Ng3 Be5 22. Qe4 Qd6 23. Qe3 Bf4 24. Qf3 Qd7 25. Ne4 Bh2+ 26. Kxh2 Rxf3 27. gxf3 Rxf3 28. Rh1 Qxd3 29. Rbe1 Rxh3+ 30. Kg2 Qf3+ 31. Kf1 Rxh1# 0-1

[Event "SLO-ch U14"]
[Site "Postojna"]
[Date "2008.02.24"]
[Round "1"]
[White "Mejak, Severin"]
[Black "Jan, Domen"]
[Result "1-0"]
[WhiteElo "1604"]
[BlackElo "1500"]
[PlyCount "58"]
[EventDate "2008.02.24"]
[EventType "swiss"]
[EventRounds "9"]
[EventCountry "SLO"]
[SourceTitle "EXT 2010"]
[Source "ChessBase"]
[SourceDate "2010.11.25"]
[SourceVersion "1"]
[SourceVersionDate "2010.11.25"]
[SourceQuality "1"]

1. e4 e5 2. Nf3 Nc6 3. Bb5 a6 4. Ba4 b5 5. Bb3 Bc5 6. c3 Nf6 7. Bc2 d5 8. exd5 Qxd5 9. d3 Ng4 10. 0-0 0-0 11. h3 Nxf2 12. Rxf2 Bxf2+ 13. Kxf2 b4 14. Qe2 Bf5 15. Be3 e4 16. dxe4 Bxe4 17. Bxe4 Qxe4 18. Nbd2 Qc2 19. Nc4 Qxe2+ 20. Kxe2 Rae8 21. Kf2 bxc3 22. bxc3 Re6 23. Nd4 Nxd4 24. Bxd4 Rfe8 25. Ne3 h6 26. Rb1 Rc8 27. Nf5 Rg6 28. Ne7+ Kh7 29. Nxc8 Rg5 1-0